Social structure and culture
| Contributors: | |
|---|---|
| Format: | Print Book |
| Language: | English German |
| Published: |
Berlin [u.a.]
de Gruyter
1989
|
| In: | Year: 1989 |
| Online Access: |
Table of Contents Table of Contents |
| Availability in Tübingen: | Present in Tübingen. IFK: O XI 48 |
| Check availability: | HBZ Gateway |
| Subito Delivery Service: | Order now. |
| Keywords: |
MARC
| LEADER | 00000cam a2200000 c 4500 | ||
|---|---|---|---|
| 001 | 02703478X | ||
| 003 | DE-627 | ||
| 005 | 20260206202700.0 | ||
| 007 | tu | ||
| 008 | 890704s1989 gw ||||| 00| ||eng c | ||
| 010 | |a 89033149 | ||
| 015 | |a 89,N22,0115 |2 dnb | ||
| 015 | |a 89,N22,0115 |2 dnb | ||
| 016 | 7 | |a 890882886 |2 DE-101 | |
| 020 | |a 0899253636 |9 0-89925-363-6 | ||
| 020 | |a 3110113104 |9 3-11-011310-4 | ||
| 020 | |a 0899253628 |9 0-89925-362-8 | ||
| 020 | |a 0899253628 |9 0-89925-362-8 | ||
| 035 | |a (DE-627)02703478X | ||
| 035 | |a (DE-603)010681728 | ||
| 035 | |a (DE-576)018034063 | ||
| 035 | |a (DE-599)GBV02703478X | ||
| 035 | |a (OCoLC)19669769 | ||
| 035 | |a (OCoLC)230981735 | ||
| 035 | |a (OCoLC)19669769 | ||
| 035 | |a (OCoLC)230981735 | ||
| 040 | |a DE-627 |b ger |c DE-627 |e rakwb | ||
| 041 | |a eng |a ger | ||
| 044 | |c XA-DE |c XD-US | ||
| 050 | 0 | |a HM101 | |
| 082 | 0 | |a 306 | |
| 084 | |a 01 |a 14 |2 sdnb | ||
| 084 | |a MS 1290 |2 rvk |0 (DE-625)rvk/123589: | ||
| 084 | |a MR 7100 |2 rvk |0 (DE-625)rvk/123539: | ||
| 084 | |a MS 1300 |2 rvk |0 (DE-625)rvk/123591: | ||
| 245 | 0 | 0 | |a Social structure and culture |c ed.: Hans Haferkamp |
| 264 | 1 | |a Berlin [u.a.] |b de Gruyter |c 1989 | |
| 300 | |a VIII, 340 S. |b graph. Darst. | ||
| 336 | |a Text |b txt |2 rdacontent | ||
| 337 | |a ohne Hilfsmittel zu benutzen |b n |2 rdamedia | ||
| 338 | |a Band |b nc |2 rdacarrier | ||
| 500 | |a Literaturangaben | ||
| 650 | 0 | |a Culture | |
| 650 | 0 | |a Social Structure | |
| 650 | 0 | 7 | |0 (DE-588)4133431-0 |0 (DE-627)10568015X |0 (DE-576)209643870 |a Kultursoziologie |2 gnd |
| 650 | 0 | 7 | |0 (DE-588)4055898-8 |0 (DE-627)106156489 |0 (DE-576)209115831 |a Sozialstruktur |2 gnd |
| 650 | 0 | 7 | |0 (DE-588)4125698-0 |0 (DE-627)104470348 |0 (DE-576)209578750 |a Kultur |2 gnd |
| 650 | 4 | |a Sozialstruktur | |
| 650 | 4 | |a Kultur | |
| 650 | 4 | |a Wissenssoziologie | |
| 650 | 4 | |a Wissenschaftssoziologie | |
| 650 | 4 | |a Soziologische Theorie | |
| 655 | 7 | |a Aufsatzsammlung |0 (DE-588)4143413-4 |0 (DE-627)105605727 |0 (DE-576)209726091 |2 gnd-content | |
| 689 | 0 | 0 | |d s |0 (DE-588)4133431-0 |0 (DE-627)10568015X |0 (DE-576)209643870 |a Kultursoziologie |2 gnd |
| 689 | 0 | |5 DE-101 | |
| 689 | 1 | 0 | |d s |0 (DE-588)4133431-0 |0 (DE-627)10568015X |0 (DE-576)209643870 |a Kultursoziologie |2 gnd |
| 689 | 1 | |5 (DE-627) | |
| 700 | 1 | |a Haferkamp, Hans |d 1939-1987 |e Hrsg. |0 (DE-588)137438311 |0 (DE-627)592632091 |0 (DE-576)161266568 |4 edt | |
| 856 | 4 | 2 | |u https://swbplus.bsz-bw.de/bsz018034063inh.htm |m V:DE-576 |v 2008-07-15 |3 Inhaltsverzeichnis |7 1 |
| 856 | 4 | 2 | |u http://scans.hebis.de/HEBCGI/show.pl?01068172_toc.pdf |m V:DE-576 |q application/pdf |3 Inhaltsverzeichnis |7 1 |
| 889 | |w (DE-627)025433539 | ||
| 889 | |w (DE-627)27595921X | ||
| 935 | |i mdedup | ||
| 935 | |i Blocktest | ||
| 936 | r | v | |a MS 1290 |b Sozialphilosophie (auch Theorie der Gesellschaft), Sozial- und Kulturkritik (auch Dialektik), Entfremdung |k Soziologie |k Spezielle Soziologien |k Sozialphilosophie (auch Theorie der Gesellschaft), Sozial- und Kulturkritik (auch Dialektik), Entfremdung |0 (DE-627)1270945432 |0 (DE-625)rvk/123589: |0 (DE-576)200945432 |
| 936 | r | v | |a MR 7100 |b Kultursystem, Kulturbegriff (auch theoretische Kulturanthropologie) und Kulturvergleich; Kultursoziologie allgemein |k Soziologie |k Sozialwissenschaftliche Theorien und Methoden |k Kulturelle Ansätze |k Kultursystem, Kulturbegriff (auch theoretische Kulturanthropologie) und Kulturvergleich; Kultursoziologie allgemein |0 (DE-627)1270917625 |0 (DE-625)rvk/123539: |0 (DE-576)200917625 |
| 936 | r | v | |a MS 1300 |b Allgemeine Theorie |k Soziologie |k Spezielle Soziologien |k Soziale Ungleichheit; Schichten,Klassen und Milieu |k Allgemeine Theorie |0 (DE-627)1271357631 |0 (DE-625)rvk/123591: |0 (DE-576)201357631 |
| 936 | s | n | |a m200 |2 mzub |
| 936 | s | n | |a a100 |2 mzub |
| 951 | |a BO | ||
| ELC | |b 1 | ||
| LOK | |0 000 xxxxxcx a22 zn 4500 | ||
| LOK | |0 001 332345152X | ||
| LOK | |0 003 DE-627 | ||
| LOK | |0 004 02703478X | ||
| LOK | |0 005 20020607000000 | ||
| LOK | |0 008 930615||||||||||||||||ger||||||| | ||
| LOK | |0 040 |a DE-21-110 |c DE-627 |d DE-21-110 | ||
| LOK | |0 852 |a DE-21-110 | ||
| LOK | |0 852 1 |c O XI 48 |m p |9 00 | ||
| LOK | |0 935 |a k110 | ||
| LOK | |0 936ln |a 7.3.1.5 | ||
| LOK | |0 938 |k p | ||
| LOK | |0 939 |a 15-06-93 |b l01 | ||
| ORI | |a SA-MARC-krimdoka001.raw | ||
| SIG | |a IFK: O XI 48 | ||
